00394nam a2200157Ia 450000500170000000800410001704000190005804100120007708200130008910000160010224500360011826000390015430000120019365000210020585000100022620230609115840.0131103s9999 xx 000 0 und d aLoreto College aEnglish a938bDUR aDurant,Will 4aThe Life of GreececWill Durant aNew YorkbSimon and Schusterc1939 a754 p.  aHistory - Greece aLCLIB